| 000 | 00488nam a2200157 i 4500 | ||
|---|---|---|---|
| 001 | 161729 | ||
| 003 | ES-MaACL | ||
| 005 | 20240522063057.0 | ||
| 008 | 950206s1881 sp |||| | spa d | ||
| 100 | 1 |
_aPereda, José María de, _d1833-1906 _990447 |
|
| 245 | 1 | 0 |
_aEsbozos y rasguños / _cpor José María de Pereda. |
| 260 |
_aMadrid : _b[s.n.], _c1881 ( _fM. Tello) |
||
| 300 |
_a406 p. ; _c19 cm. |
||
| 852 |
_aES-MaACL _jB-3667 _z- Enc. hol. |
||
| 999 |
_c161729 _d161729 |
||